000 00443nam a2200193Ia 4500
008 240510s9999 xx 000 0 und d
020 _a0000262112558
041 _aEng
082 _a006.32
082 _bK21
100 _aKECMAN ,V.
245 0 _aLEARNING AND SOFT COMPUTING
260 _bLONDON : MIT
260 _c2001
300 _a541 p.
650 _aARTIFICIAL INTELLIGENCE : NEURAL NETWORKS
942 _2ddc
942 _cRBK
999 _c25086
_d25086
945 _a1
_bMadushi Gamage
_c1
_dMadushi Gamage